| 000 | 00708cam a22002293a 4500 | ||
|---|---|---|---|
| 001 | 24409 | ||
| 003 | PGUSA | ||
| 005 | 20140828083524.0 | ||
| 008 | 080123s2008||||xxu|||||s|||||000 | eng d | ||
| 040 |
_aPGUSA _beng |
||
| 042 | _adc | ||
| 050 | 4 | _aQL | |
| 100 | 1 |
_aPackard, A. S. _q(Alpheus Spring), _d1839-1905 |
|
| 245 | 1 | 0 |
_aOur Common Insects : _bA Popular Account of the Insects of Our Fields, Forests, Gardens and Houses _h[electronic resource] / _cA. S. Packard |
| 260 |
_bProject Gutenberg, _c2008 |
||
| 506 | _aPublic domain in the USA. | ||
| 516 | _aElectronic text | ||
| 653 | _aInsects | ||
| 830 | 0 |
_aProject Gutenberg _v24409 |
|
| 856 | 4 | 0 | _uhttp://www.gutenberg.org/ebooks/24409 |
| 942 | _cEB | ||
| 999 |
_c253664 _d253664 |
||